Coach carter - Statistics

General Stats
  • This quiz has been taken 38 times
  • The average score is 5 of 15
Answer Stats
Hint Answer % Correct
What is coach carter's first name Ken
95%
How many games did Richmond have to forfeit due to the lockout 3
58%
What is lyle's jersey number 5
53%
How many push ups did Cruz have to do to get back on the team 2500
47%
What is Damien's jersey number 12
42%
What gpa did the players have to keep in order to play 2.3
37%
What round did they lose in the playoffs First
37%
What school does he go to St francis
37%
What is the school mascot Oilers
32%
Who is juniors rival Ty crane
32%
What is Channing tatum's character name Jason lyle
26%
What seed were they going into the post season 16
21%
Who keeps track of stats for coach carter Clyde
11%
What is worm's real name Jaron
5%
What is Cruz's deepest fear He is inadequate
0%
No matching quizzes found
Score Distribution
Percent of People with Each Score
Percentile by Number Answered
Your Score History
You have not taken this quiz